Oposiciones a ct̀edras de derecho

Detalles Bibliográficos
Autor principal: Da̕z Rico, Javier Carlos
Formato: eBook
Lenguaje:español
Publicado: Madrid: Dykinson, 2018
Materias:
Acceso en línea:Acceso restringido

MARC

LEADER 00000nam a22000007a 4500
005 20190228121559.0
007 cr|||| ||||
008 190228s2018 es |||||s|||| 00||0 spa d
020 |a 978-84-9148-852-1 
035 |a 22865 
040 |a vLex 
090 |c 8482  |d 8482 
100 1 |a Da̕z Rico, Javier Carlos 
245 1 0 |a Oposiciones a ct̀edras de derecho  |h [Recurso electrn̤ico] /  |c Javier Carlos Da̕z Rico 
256 |a Servicio en ln̕ea 
260 |a Madrid:  |b Dykinson,  |c 2018 
300 |a 1 recurso electrn̤ico 
506 1 |a Disponible solo en los productos indicados  |d vLex Global  |d vLex Global (Academic Edition, excluding Law Schools)  |d vLex Global (U.S. Academic Edition, Law Schools)  |d vLex Global (U.S. Academic Edition, excluding Law Schools)  |d vLex Global (Academic Edition, Law Schools) 
650 0 4 |a Administracin̤ Pb︢lica  |z Espaą 
650 0 4 |a Universidades  |z Espaą 
740 0 |a vLex Libros (Servicio en ln̕ea) 
856 4 0 |u http://vlex.com/source/oposiciones-catedras-derecho-22865  |z Acceso restringido 
942 |c BOOK 
999 0 |a Public Administration 
999 0 |a Universities